000 00366nam a2200145Ia 4500
008 220216s9999 xx 000 0 und d
245 0 _aRubber cultivation in Goa, Maharashtra and Orissa
260 _bRubber Board Bulletin
_c1986
300 _a18-Aug
650 _aGoa
650 _aMaharashtra
650 _aOrissa
650 _aRubber cultivation
942 _cJS
999 _c67546
_d67546